Loading...

Morphology of vascular plants: lower groups

Bibliografiske detaljer
Hovedforfatter: Eames, Arthur J
Format: Printed Book
Sprog:Undetermined
English
Udgivet: New York Mc Graw- Hill Book Company Inc 1936
Fag:
LEADER 00535nam a2200157Ia 4500
008 140306s9999 xx 000 0 und d
041 |a eng 
082 |a 587.044  |b EAM 
100 |a Eames, Arthur J 
245 |a Morphology of vascular plants: lower groups 
260 |a New York  |b Mc Graw- Hill Book Company Inc  |c 1936 
300 |a 433 
650 |a Vascular plants 
942 |2 ddc  |c BK 
999 |c 71430  |d 71430 
952 |0 0  |1 0  |2 ddc  |4 0  |6 587_044000000000000_EAM  |7 0  |9 77781  |a KAUACV  |b KAUACV  |d 2004-06-09  |o 587.044 EAM  |p KAU_ACV-3078  |r 2014-03-22  |w 2014-03-22  |y BK